La sombra en el cuadro: del mal o de lo negativo

Na minha lista:
Detalhes bibliográficos
Autor principal: Jullien, François (Author)
Formato: Livro
Idioma:espanhol
Publicado em: Madrid Arena Libros 2009
Edição:1a. ed
Colecção:Filosofía Una Vez, 36
Assuntos:
Tags: Adicionar Tag
Sem tags, seja o primeiro a adicionar uma tag!

MARC

LEADER 00000cam a2200000 a 4500
001 UCF9995
003 CL-VaPUC
008 131227e20090000sp |||||||||||||||||spa|d
020 |a 9788495897701 
082 0 4 |a 701.17  |b JUL  |2 21 
100 |a Jullien, François  |e author  |9 408555 
245 1 3 |a La sombra en el cuadro: del mal o de lo negativo 
250 |a 1a. ed 
300 |a 157 p 
942 |c BK 
945 |d 20131227 10:32:00  |a dcastane 
260 |a Madrid  |b Arena Libros  |c 2009 
650 0 |a Filosofía del arte  |9 264951 
650 0 |a Estética del arte  |9 413091 
650 0 |a Creación artística   |9 266215 
583 |a last modification  |c 20131227 10:32:00  |k Rodrigo Vera 
490 0 |a Filosofía Una Vez, 36 
999 |c 354318  |d 354316 
952 |0 0  |1 0  |3 erb  |4 0  |6 701_170000000000000_JUL_2009  |7 0  |8 A  |9 460100  |a BIBART  |b BIBART  |i 5037409  |l 2  |o 701.17 JUL 2009  |p 5037409  |r 2025-04-30  |s 2025-04-23  |w 2019-11-23  |y BK  |z Catalogado en:20131227  |k ART